000 00688nam a2200205Ia 4500
003 OSt
005 20241003143241.0
007 ca aa aaaaa
008 201103s9999 xx 000 0 und d
040 _cSSBUL
041 _abur
082 _223
_a၂၉၄.၃ သု
_b၉၂၅၈ S-SAT
100 0 _a သုခ
245 1 0 _aဝဉ္စနာဒီပနီ /
_cသုခ။
260 _aရန်ကုန် ၊
_bဉာဏ်လင်းစာအုပ်တိုက်၊
_c၁၉၈၈။
300 _a၁၂၃ စာမျက်နှာ ၊
_c၁၇ စင်တီ။
500 _aS-SAT: Dr. Sai Aung Tun
650 _aဗုဒ္ဓဘာသာ
942 _2ddc
_cBK1
999 _c16829
_d16829